Modern deep sea trawling gear
में बचाया:
| मुख्य लेखक: | |
|---|---|
| स्वरूप: | पुस्तक |
| भाषा: | Undetermined |
| प्रकाशित: |
Surrey, Eng
Fishing News Books
1977
|
| विषय: | |
| टैग : |
टैग जोड़ें
कोई टैग नहीं, इस रिकॉर्ड को टैग करने वाले पहले व्यक्ति बनें!
|
| Thư viện lưu trữ: | Trung tâm Học liệu Trường Đại học Cần Thơ |
|---|
| LEADER | 00523nam a2200193Ia 4500 | ||
|---|---|---|---|
| 001 | CTU_58196 | ||
| 008 | 210402s9999 xx 000 0 und d | ||
| 082 | |a 639.22028 | ||
| 082 | |b G234 | ||
| 100 | |a John Garner | ||
| 245 | 0 | |a Modern deep sea trawling gear | |
| 245 | 0 | |c John Garner | |
| 260 | |a Surrey, Eng | ||
| 260 | |b Fishing News Books | ||
| 260 | |c 1977 | ||
| 650 | |a trawls and trawling,fisheries | ||
| 650 | |x equipment and supplies | ||
| 904 | |i Minh | ||
| 980 | |a Trung tâm Học liệu Trường Đại học Cần Thơ | ||